Vacances de A à Z - Statistiques

Statistiques générales
  • Ce quiz a été pris 1 657 fois
  • Le résultat moyen est 19 sur 26
Statistiques - réponses
Indice Réponse % Correct
Pour éviter les coups de soleil C Crème solaire
98%
En coupelle ou en cornet ? G Glaces
94%
Avec le canoë K Kayak
94%
L'autre saison des vacances H Hiver
93%
Insecte exaspérant M Moustique
91%
Une grande promenade en montagne R Randonnée
91%
Une voiture de chemin de fer W Wagon
91%
Pour s'étendre et bronzer P Plage
87%
Quand on est sur P, mettre de la C pour s'en protéger.. U UV
87%
Un moyen de transport moins polluant T Train
86%
Indispensable avant le repas A Apéro
85%
Cela nous change de notre... Q Quotidien
84%
Ile espagnole pour faire la fête I Ibiza
83%
Bruit insupportable du M Z ZZZ
83%
La période d'été E Estivale
80%
Pour emporter nos affaires B Bagages
78%
Département où l'on peut visiter le château de versailles Y Yvelines
76%
Constitue le P S Sable
71%
Partir... V Voyage
70%
Musée à visiter à Paris O Orsay
64%
On peut s'y reconnecter N Nature
60%
Ville d'Espagne d'où l'on rapporte du vin ou du vinaigre X Xeres
46%
L'art de ne rien faire F Farniente
37%
En 36, il a permis à tous d'en avoir L Léon Blum
24%
Alternative à la bière J Jus de fruit
19%
On le recherche pour se changer les idées D Dépaysement
15%
Aucun quiz correspondant
Distribution des résultats
% des personnes avec chaque résultat
Percentile par nombre de réponses
Votre historique - résultats
Vous n’avez pas pris ce quiz